02082namaa2200385uu 4500001001000000003000600010005001700016006001900033007001500052008004100067020001800108040001700126041000800143042000700151072001500158720002600173245004500199260004200244300002200286336002600308337002600334338003600360506005100396520085500447540006301302546001201365650003701377653002801414720002601442720002701468720002701495720002901522720002901551856011601580doab68186oapen20260305123949.0m o d cr|mn|---annan210427s2019 xx |||||o ||| 0|eng d a9780198796558 aoapencoapen0 aeng adc 7aMB2bicssc1 aDe Campos, Thana4edt00aPhilosophical Foundations of Medical Law aOxfordbOxford University Pressc2019 a1 online resource atextbtxt2rdacontent acomputerbc2rdamedia aonline resourcebcr2rdacarrier0 aFree-to-readfUnrestricted online access2star aWith advances in personalised medicine, the field of medical law is being challenged and transformed. The nature of the doctor-patient relationship is shifting as patients simultaneously become consumers. The regulation of emerging technologies is being thrown into question, and we face new challenges in the context of global pandemics. This volume identifies significant questions and issues underlying the philosophy of medical law. It brings together leading philosophers, legal theorists, and medical specialists to discuss these questions in two parts. The first part deals with key foundational theories, and the second addresses a variety of topical issues, including euthanasia, abortion, and medical privacy. The wide range of perspectives and topics on offer provide a vital introduction to the philosophical underpinnings of medical law. aAll rights reserveduhttp://oapen.org/content/about-rights aEnglish 7aMedicine: general issues2bicssc aphilosophy; medical law1 aDe Campos, Thana4oth1 aHerring, Jonathan4edt1 aHerring, Jonathan4oth1 aPhillips, Andelka M4edt1 aPhillips, Andelka M4oth40uhttps://directory.doabooks.org/handle/20.500.12854/6818670zFree-to-read: DOAB: description of the publication